| 000 | 00910nam a2200205 i 4500 | ||
|---|---|---|---|
| 001 | 181216 | ||
| 003 | ES-MaACL | ||
| 005 | 20230906221313.0 | ||
| 008 | 121102s1924 sp |||| | spa d | ||
| 100 | 1 |
_aNogués Sardá, Agustín. _985893 |
|
| 245 | 1 | 3 |
_aLa enseñanza doméstica agrícola en Bélgica / _cpor Agustín Nogués Sardá. |
| 260 |
_aMadrid : _bJunta para Ampliación de Estudios e Investigaciones Científicas, _c1924. |
||
| 300 |
_aP. [187]-206 ; _c23 cm. |
||
| 490 | 1 |
_aAnales de la Junta para Ampliación de Estudios e Investigaciones Científicas ; _vt. 19, memoria 4 |
|
| 650 | 4 |
_aAgricultura- _xEnseñanza. _9145046 |
|
| 710 | 2 |
_aJunta para la Ampliación de Estudios e Investigaciones Científicas. _95413 |
|
| 830 | 0 |
_aAnales de la Junta para Ampliación de Estudios e Investigaciones Científicas ; _vt. 19, memoria 4 _9186710 |
|
| 852 |
_aES-MaACL _jB-13175(4) |
||
| 999 |
_c181216 _d181216 |
||